Medical tourism: subsisdising the rich (Record no. 62320)

000 -LEADER
fixed length control field 00755pab a2200157 454500
008 - FIXED-LENGTH DATA ELEMENTS--GENERAL INFORMATION
fixed length control field 180718b2004 xxu||||| |||| 00| 0 eng d
100 ## - MAIN ENTRY--PERSONAL NAME
Personal name Godwin S.K.
245 ## - TITLE STATEMENT
Title Medical tourism: subsisdising the rich
260 ## - PUBLICATION, DISTRIBUTION, ETC.
Date of publication, distribution, etc. 2004
300 ## - PHYSICAL DESCRIPTION
Extent p.3981-983.
362 ## - DATES OF PUBLICATION AND/OR SEQUENTIAL DESIGNATION
Dates of publication and/or sequential designation 4 Sep
520 ## - SUMMARY, ETC.
Summary, etc. In the heavily dualistic system of healthcare existing in India with inadequate and inefficient public health services on the one hand and a corporatised medical system using high-end medical technology and state-of-the-art infrastructure on the other, the promotion of medical tourism will accentuate the divide between the haves and the have-nots in healthcare. - Reproduced.
650 ## - SUBJECT ADDED ENTRY--TOPICAL TERM
Topical term or geographic name entry element Health services
773 ## - HOST ITEM ENTRY
Main entry heading Economic and Political Weekly
909 ## -
-- 62320
Holdings
Withdrawn status Lost status Damaged status Not for loan Permanent Location Current Location Date acquired Serial Enumeration / chronology Barcode Date last seen Price effective from Koha item type
        Indian Institute of Public Administration Indian Institute of Public Administration 2018-07-19 Volume no: 39, Issue no: 36 AR62770 2018-07-19 2018-07-19 Articles

Powered by Koha